A paróquia: lugar privilegiado da acao pastoral da igreja. Comentário jurídico-pastoral ao Código 1983
সংরক্ষণ করুন:
| প্রধান লেখক: | |
|---|---|
| বিন্যাস: | গ্রন্থ |
| ভাষা: | পর্তুগীজ |
| প্রকাশিত: |
Sao Paulo
Loyola
1989
|
| মালা: | Igreja e Direito, 6
|
| বিষয়গুলি: | |
| ট্যাগগুলো: |
ট্যাগ যুক্ত করুন
কোনো ট্যাগ নেই, প্রথমজন হিসাবে ট্যাগ করুন!
|
MARC
| LEADER | 00000nam a2200000 a 4500 | ||
|---|---|---|---|
| 001 | UCM5058 | ||
| 003 | CL-VaPUC | ||
| 008 | 020927e19890000BL |||||||||||||||||por|d | ||
| 082 | 0 | 4 | |a 262.9 |b KRE |2 21 |
| 100 | 0 | |a Kreutz, Ivo José |e author |9 471368 | |
| 245 | 1 | 2 | |a A paróquia: lugar privilegiado da acao pastoral da igreja. Comentário jurídico-pastoral ao Código 1983 |
| 300 | |a 160 p | ||
| 942 | |c BK | ||
| 945 | |d 20020927 00:00:00 |a cmena | ||
| 260 | |a Sao Paulo |b Loyola |c 1989 | ||
| 650 | 7 | |a DERECHO CANONICO |2 CL-VaPUC |9 471369 | |
| 650 | 0 | |a Parroquias |9 258927 | |
| 650 | 7 | |a EVANGELIZACION |2 CL-VaPUC |9 471370 | |
| 583 | |a last modification |c 20020927 00:00:00 |k Rodrigo Vera | ||
| 490 | 0 | |a Igreja e Direito, 6 | |
| 999 | |c 301356 |d 301354 | ||
| 952 | |0 0 |1 0 |4 0 |6 262_900000000000000_KRE_1989 |7 0 |8 A |9 360210 |a BIBDER |b BIBDER |d 2019-11-21 |i 3815714 |o 262.9 KRE 1989 |p 3815714 |r 2023-01-25 |w 2019-11-21 |y BK |k DER | ||